Looking inwards
| Main Author: | |
|---|---|
| Format: | Book |
| Published: |
Australia :
Penguin Books ,
2003
|
| Subjects: |
MARC
| LEADER | 00000cam a2200000 7i4500 | ||
|---|---|---|---|
| 001 | 0000079110 | ||
| 005 | 20040527.0 | ||
| 020 | |a 0143001906 | ||
| 090 | 0 | 0 | |a 158.2 |b OCO |
| 100 | 1 | |a O'connor, Peter A. |c 1942- | |
| 245 | 1 | 0 | |a Looking inwards |c Peter A. O'connor |
| 260 | |a Australia : |b Penguin Books , |c 2003 | ||
| 300 | |a xii;186p. ; |c 20cm. | ||
| 650 | 0 | 0 | |a Conduct of life |
| 650 | 0 | 0 | |a Emotions |x Sociological aspects |
| 650 | 0 | 0 | |a Interpersonal relations |
| 999 | |a 00166672 |b BUKU |c PINJAMAN |e PERPUSTAKAAN KOMUNITI PETALING JAYA | ||